Riadenie talentov v podniku
Úlohy talent manažmentu. Získavanie zamestnancov, získavanie talentov. Nástroje talent manažmentu. Aby procesy talent manažmentu fungovali, musí mať tento systém podporu najmä v radoch top manažmentu.
Enregistré dans:
| Auteur principal: | |
|---|---|
| Format: | Chapitre de livre |
| Langue: | slovaque |
| Sujets: | |
| Tags: |
Pas de tags, Soyez le premier à ajouter un tag!
|
MARC
| LEADER | 00000naa a2200000 4500 | ||
|---|---|---|---|
| 001 | 0157060 | ||
| 005 | 20231120125723.5 | ||
| 041 | 0 | |a slo | |
| 044 | |a SK | ||
| 245 | 1 | 0 | |a Riadenie talentov v podniku |c Viera Šukalová |
| 520 | |a Úlohy talent manažmentu. Získavanie zamestnancov, získavanie talentov. Nástroje talent manažmentu. Aby procesy talent manažmentu fungovali, musí mať tento systém podporu najmä v radoch top manažmentu. | ||
| 610 | 2 | 0 | |a podnik |
| 610 | 2 | 0 | |a talenty |
| 610 | 2 | 0 | |a manažment |
| 100 | 1 | |a Šukalová, Viera | |